Statistiques concernant Fortnite - Les 20 lieux principaux [S5] - [FR]

Cliquez ici pour prendre le quiz!

Statistiques générales

  • Ce quiz a été pris 351 fois
  • Le résultat moyen est 13 sur 20

Statistiques - réponses

LettreLieu-dit% Correct
SSalty Springs
85%
RRetail Row
82%
DDusty Divot
80%
TTilted Towers
80%
PPleasant Park
77%
FFatal Fields
72%
GGreasy Grove
70%
LLoot Lake
68%
LLucky Landing
66%
PParadise Palms
66%
LLonely Lodge
64%
JJunk Junction
63%
FFlush Factory
61%
HHaunted Hills
61%
TTomato Town
58%
WWailing Woods
55%
LLazy Links
52%
SSnobby Shores
47%
RRisky Reels
46%
SShifty Shafts
39%

Distribution des résultats

Percentile par nombre de réponses

% des personnes avec chaque résultat

Votre développement - résultats

Vous n’avez pas pris ce quiz